| 000 | 00797nam a2200253Ia 4500 | ||
|---|---|---|---|
| 003 | OSt | ||
| 005 | 20220923211034.0 | ||
| 006 | a|||||r|||| 00| 0 | ||
| 007 | ta | ||
| 008 | Pun | ||
| 020 |
_a8171434282 (hbk) _c250 |
||
| 024 | _a284,599 | ||
| 037 |
_b921, 20/03/2015, H.K. Prakashan _cTextual |
||
| 040 |
_aARTS _cARTS _bPun |
||
| 041 |
_2Pun _aPun |
||
| 082 | _aP153, 153P7 | ||
| 100 |
_aਰਣਜੀਤ ਕੌਰ _9157445 |
||
| 245 | 0 | _aਕਾਰਜੀ ਪੰਜਾਬੀ | |
| 260 |
_aਅੰਮ੍ਰਿਤਸਰ _b ਰਵੀ ਸਾਹਿਤ ਪ੍ਰਕਾFਨ _c2007 |
||
| 300 |
_a264ਪੰ _ccm. |
||
| 650 |
_aਪੰਜਾਬੀ ਭਾFਾ _9157446 |
||
| 942 |
_hP153, 153P7 _cTEXL _2CC |
||
| 999 |
_c294340 _d294340 |
||